000 008710000a22002290004500
003 LK-CoMWRAF
008 230817t2003 ||||| |||| 00| 0 eng d
040 _aLK-CoMWRAF
_dLK-CoMWRAF
_eLK-CoMWRAF
041 _aeng
082 _a364.15
_bSIX
111 _a16 DAYS OF ACTIVISM AGAINST GENDER VIOLENCE
_c(Lahore,
_d25th November 2001)
245 _a Karo kari, tor tora, siyahkari, kala kali:
_bThere is no 'honour' in Killing -National Seminar Report
260 _aLahore:
_bShirkat Gah Women's resource centre,
_c2003
300 _a65 p. ; 28 cm.
650 _aViolence -Religious aspects
650 _aWomen, Violence against
700 _aMalick, Nabila
_eed.
700 _aSaleem, Ishrat
_eed.
700 _aHamdani, Insha
_eed.
856 _uhttps://shirkatgah.org/shirkat/wp-content/uploads/2017/01/Karo-Kari-Tor-Tora-Siyahkari-Kala-Kali-English.pdf
942 _cCP
999 _c577
_d577